| 000 | 00569cam a22002171 4500 | ||
|---|---|---|---|
| 001 | sa 67002443 | ||
| 003 | DLC | ||
| 005 | 20260227112331.0 | ||
| 008 | 890705s1966 ii 000 0 urdr | ||
| 010 | _asa 67002443 | ||
| 035 | _a(OCoLC)19965132 | ||
| 040 |
_aDLC _cWaU _dDLC |
||
| 042 | _apremarc | ||
| 050 | 0 | 0 |
_aPL248.N3 _bP3 |
| 100 | 1 | _aPāshā, Aḥmad Jamāl. | |
| 245 | 1 | 0 | _aMullā Naṣruddīn ke lat̤īfe. |
| 260 | _c[1966] | ||
| 300 |
_a192 p. (p. 196 advertisement ) _c18 cm. |
||
| 500 | _aIn Urdu. | ||
| 650 | 0 | _aNasreddin Hoca (Legendary character) | |
| 999 |
_c73279 _d73279 |
||